Languages With A Dedicated JetPunk Section - Statistics

General Stats
  • This quiz has been taken 18 times
  • The average score is 8 of 9
Answer Stats
Answer % Correct
Portuguese
100%
Spanish
100%
French
94%
German
94%
Italian
94%
Dutch
88%
English
88%
Polish
88%
Finnish
65%
No matching quizzes found
Score Distribution
Percent of People with Each Score
Percentile by Number Answered
Your Score History
You have not taken this quiz